书目信息 |
| 题名: |
好习惯培养亲子互动读本
|
|
| 作者: | 郭嘉 著 ;木棉绘画工坊 绘 | |
| 分册: | 6 宝贝晚安 | |
| 出版信息: | 成都 四川科学技术出版社 2018.9 |
|
| 页数: | 1册 | |
| 开本: | 18cm | |
| 丛书名: | 嗨皮羊系列 | |
| 单 册: | ||
| 中图分类: | H319.4:G613.3 , G613.3:H31 | |
| 科图分类: | ||
| 主题词: | 教育--各级--汉语--对照读物 , 习惯性--能力培养--学前教育--儿童读物 | |
| 电子资源: | ||
| ISBN: | 978-7-5364-9163-2 | |
| 000 | 01149nam2 2200301 45 | |
| 001 | 012001001100 | |
| 005 | 20211017144246.77 | |
| 010 | @a978-7-5364-9163-2@dCNY10.00 | |
| 100 | @a20190612d2018 be y0chiy0110 ea | |
| 101 | 0 | @achi@aeng |
| 102 | @aCN@b510000 | |
| 105 | @aa z 000yy | |
| 106 | @ar | |
| 200 | 1 | @a好习惯培养亲子互动读本@Ahao xi guan pei yang qin zi hu dong du ben@h6@i宝贝晚安@f郭嘉著@g木棉绘画工坊绘 |
| 210 | @a成都@c四川科学技术出版社@d2018.9 | |
| 215 | @a1册@c彩图@d18cm | |
| 225 | 2 | @a嗨皮羊系列@h第一辑 |
| 330 | @a贴近幼儿生活的好习惯培养亲子共读绘本,细腻的笔触、充满童趣的描述,更易于为家长和幼儿所接受。本套读本共8册,包含卫生习惯培养、入园准备、性格培养、自制力培养、生活自理能力培养,中英双语,便于家长对幼儿进行英语启蒙。 | |
| 410 | 0 | @12001 @a嗨皮羊系列 |
| 461 | 0 | @12001 @a嗨皮羊系列 |
| 606 | 0 | @a教育@x各级@x汉语@j对照读物 |
| 606 | 0 | @a习惯性@x能力培养@x学前教育@j儿童读物 |
| 690 | @aH319.4:G613.3@v5 | |
| 690 | @aG613.3:H31@v3 | |
| 701 | 0 | @a郭嘉@Aguo jia@4著 |
| 712 | 02 | @a木棉绘画工坊@Amu mian hui hua gong fang@4绘 |
| 801 | @aCN@bAHXH@c20210922 | |
| 905 | @b1247723-7@dG613.3:H31@e1806:6@f5 | |
| 好习惯培养亲子互动读本.6.宝贝晚安/郭嘉著/木棉绘画工坊绘.-成都:四川科学技术出版社,2018.9 |
| 1册:彩图;18cm.-(嗨皮羊系列.第一辑) |
| ISBN 978-7-5364-9163-2:CNY10.00 |
| 贴近幼儿生活的好习惯培养亲子共读绘本,细腻的笔触、充满童趣的描述,更易于为家长和幼儿所接受。本套读本共8册,包含卫生习惯培养、入园准备、性格培养、自制力培养、生活自理能力培养,中英双语,便于家长对幼儿进行英语启蒙。 |
| ● |
| 相关链接 |
|
|
|
|
正题名:好习惯培养亲子互动读本
索取号:G613.3:H31/1806:6
 
预约/预借
| 序号 | 登录号 | 条形码 | 馆藏地/架位号 | 状态 | 备注 |
| 1 | 1247723 | 212477238 | 第一样本阅览室/ [索取号:G613.3:H31/1806:6] | 在馆 | |
| 2 | 1247724 | 212477247 | 教育系资料室/ [索取号:G613.3:H31/1806:6] | 在馆 | |
| 3 | 1247725 | 212477256 | 教育系资料室/ [索取号:G613.3:H31/1806:6] | 在馆 | |
| 4 | 1247726 | 212477265 | 第四借阅区/ [索取号:G613.3:H31/1806:6] | 在馆 | |
| 5 | 1247727 | 212477274 | 教育系资料室/ [索取号:G613.3:H31/1806:6] | 在馆 |